| 000 | 00416nam a2200121 a 4500 | ||
|---|---|---|---|
| 008 | 120416s9999 xx |||||||||||||| || u | ||
| 050 | _aTX 945.5.M33 Lov | ||
| 100 | _aLove, John F | ||
| 245 | 1 | 0 | _aMcDonald's |
| 246 | _abehind the arches | ||
| 350 | _a0.00 | ||
| 995 |
_D0.00 _FCBU-MAIN LIBRARY (Kitwe) _H1 _I21.95 _UAVAILABLE _ZAnnex Low-Usage Collection |
||
| 999 |
_c50782 _d50782 |
||